01665nam a22002657a 4500003000900000005001700009008004100026020001800067040002900085082001700114100002200131245010600153250001000259260005600269300003300325490002100358500074900379600002901128650002301157651002301180929007301203942000801276999001501284952010001299AR-BeUNQ20250716145033.0250716b |||aopcgd5n|| 001 0dspa|d a9789504970187 aAR-BeUNQcAR-BeUNQeaacr 221a920 REB1 aRebel Girlscaut. aCuentos de buenas noches para Niñas rebeldes :b100 argentinas extraordinariascRebel Girlshlibro. a1a.ed aCiudad Autónoma de Buenos Aires :bPlaneta,c2021 a224 ´. ; bil. ; c24x17 cm aSerie Good Nigth aCuentos de buenas noches para niñas rebeldes es una serie de tres libros infantiles, dirigidos para niñas y niños de 6 años en adelante. Los libros fueron financiados a través de un sitio web de Micromecenazgo, y rompieron los registros del sitio para la recaudación de fondos para una publicación de literatura. Cada uno de los libros incluye cien historias cortas con las biografías de mujeres reales que pueden ser un modelo para la niñez, cada biografía viene acompañada de ilustraciones realizadas por artistas mujeres de todo el mundo. Fueron traducidos a cuarenta y siete idiomas. A partir de 2021 se publicaron ediciones locales con selecciones de biografías destacadas para diferentes países latinoamericanos. aPerspectiva de género. 2spinesaBiografias 2unescotaArgentina aDONACIONbLucila Albarellosc0d0e17/2/2025fPAT 0083350g52j63502 cLIB c1322d1322 0010aBIBESETbBIBESETccirculaciond2025-07-16l0o928 REBp63502r2025-07-16w2025-07-16yLIB